| 000 | 02311cam a2200253 4500 | ||
|---|---|---|---|
| 001 | 6617 | ||
| 010 | _a2013332791 | ||
| 020 |
_a019808398X _qhardback |
||
| 020 |
_a9780198083986 _qhardback |
||
| 100 |
_aSundaram, Ravi. _b _c _d _e _q |
||
| 245 | 0 | 0 |
_aNo limits : _bmedia studies from India / _cedited by Ravi Sundaram. |
| 264 | 1 |
_aNew Delhi : _bOxford University Press, _c2013 |
|
| 300 |
_axv, 422 pages : _billustrations ; _c23 cm |
||
| 336 |
_atext _btxt _2rdacontent |
||
| 337 |
_aunmediated _bn _2rdamedia |
||
| 338 |
_avolume _bnc _2rdacarrier |
||
| 504 | _aIncludes bibliographical references and index | ||
| 505 |
_aCONTENTS: Introduction: the horizon of media studies, Ravi Sundaram -- Mapping the terrain -- The 'bollywoodization' of the Indian cinema: cultural nationalism in a global arena -- Sensuous encounters: law, affect, and the media event -- The inner and outer worlds of emergent television cultures -- Circulation -- Mission, money, and machinery: Indian newspapers in the twentieth century -- Revisiting the pirate kingdom -- figures of transit -- Publics -- Creating cinema's reading publics: the emergence of film journalism in Bombay -- Notes on contemporary film experience: 'bollywood', genre diversity, and video circuits -- Whistling fans: reflections on the sociology, politics, and performativity of an excessively active audience -- Unimaginable communities: television, globalization, and national identities in postcolonial India -- The imagined reign of the iron lecturer: village broadcast in colonial India -- The 'terrorist' and the screen: afterimages of the batla house 'encounter' -- Production -- The evolution of an early media enterprise -- Democratizing Indian popular music: from cassette culture to the digital era -- Film stardom after liveness -- index. _g _r _t |
||
| 520 | _aMedia studies in India is a young and emergent field. Through interdisciplinary studies in the fields of film, television, music, print, and radio, No Limits addresses the issue of the contemporary in Indian media environment since its globalization in the 1980s. | ||
| 650 |
_aMass media and culture -- India. _v _x _y _z _2 |
||
| 650 | 0 |
_aMass media _zIndia |
|
| 700 | 1 | _aSundaram, Ravi | |
| 830 | 0 | _aOxford India studies in contemporary society | |
| 999 |
_c5567 _d5567 |
||